Minecraft MLG Items - Sudden Death - Statistics

General Stats
  • This quiz has been taken 496 times
  • The average score is 10 of 15
Answers on the Grid
Answers color-coded by a green-red scale on the quiz's grid according to % correct below.
Water Bucket
Slime Block
Red Bed
Black Bed
Yellow Bed
Ladder
Vines
Haybale
Cobweb
Powder Snow Bucket
Minecart (enter it)
Oak Boat (enter it)
Sweet Berries
Scaffolding
Weeping Vines
Minecart (land on it)
Oak Boat (land on it)
Magma Block
Birch Sapling
Spruce Sapling
Bucket Of Milk
Ancient Debris
Soul Sand
Soul Soil
White Terracotta
Quartz Slab
Cracked Stone Bricks
Barrel
Purple Concrete Powder
Bookshelf
 
Answer Stats
Answer % Correct
Water Bucket
75%
Cobweb
73%
Ladder
73%
Haybale
72%
Vines
71%
Yellow Bed
71%
Slime Block
70%
Black Bed
68%
Oak Boat (enter it)
68%
Scaffolding
68%
Red Bed
67%
Minecart (enter it)
66%
Powder Snow Bucket
65%
Weeping Vines
63%
Sweet Berries
58%
No matching quizzes found
Score Distribution
Percent of People with Each Score
Percentile by Number Answered
Your Score History
You have not taken this quiz